Δομές και σχέσεις εξουσίας στη σημερινή Ελλάδα

Αποθηκεύτηκε σε:
Λεπτομέρειες βιβλιογραφικής εγγραφής
Συγγραφή απο Οργανισμό/Αρχή: Ίδρυμα Σάκη Καράγιωργα. Επιστημονικό Συνέδριο
Μορφή: Βιβλίο
Γλώσσα:Greek
Δημοσίευση: Αθήνα : Ίδρυμα Σάκη Καραγιώργα, 2000.
Θέματα:
Ετικέτες: Προσθήκη ετικέτας
Δεν υπάρχουν, Καταχωρήστε ετικέτα πρώτοι!

MARC

LEADER 00000cam a2200000 i 4500
001 1/12885
008 001101s2000 gr | ||| |||| ||gre||
020 |a 9607087224 
035 |l 10064388 
040 |a GR-MyUa  |b gre  |e AACR2 
041 0 |a gre 
082 7 |a 306.209495   |2 (22) 
110 2 |a Ίδρυμα Σάκη Καράγιωργα.   |b Επιστημονικό Συνέδριο   |n (7ο :   |d 1999 :   |c Πάντειο Πανεπιστήμιο) 
245 1 0 |a Δομές και σχέσεις εξουσίας στη σημερινή Ελλάδα /   |c 7ο επιστημονικό συνέδρο: Πάντειο Πανεπιστήμιο ; Ίδρυμα Σάκη Καραγιώργα. 
260 |a Αθήνα :   |b Ίδρυμα Σάκη Καραγιώργα,   |c 2000. 
300 |a 889 σ. ;   |c 24 εκ. 
651 0 |a Greece  |x Social policy  |x Decision making  |x Congresses. 
651 0 |a Greece  |x Economic policy  |x Decision making  |x Congresses. 
651 0 |a Greece  |x Politics and government  |y 1974- 
852 |a INST  |b LESVOS  |e 20001101  |h 306.209495 ΕΠΙ  |p 005100028933  |q 005100028933  |t BK  |y 0 
901 |a BIBL1-2001-2 
922 |a 1ΕΛΗ  |b 200010  |c ΤΑΚ/ΠΤΕ  |d ΠΑΠΑΣΩΤΗΡΙΟΥ 
950 |a 185-2000-07-07 
970 |a ΤΖΑΦΕΡΗ  |b ΕΥΑΓΓΕΛΙΑ  |z 2001/05/15